|
|
|
|
| LEADER |
00000 a2200000 4500 |
| 001 |
RU/ROS-EDU.RU/142800 |
| 856 |
4 |
|
|u https://www.ros-edu.ru/book?id=142800
|z Перейти к просмотру издания
|
| 010 |
|
|
|a 978-5-4497-3605-5
|
| 100 |
|
|
|a 20240101d2024 |||y0rusy0250
|
| 105 |
|
|
|a y z 000zy
|
| 101 |
0 |
|
|a rus
|
| 102 |
|
|
|a RU
|
| 200 |
1 |
|
|a Компьютер в преподавании русского языка как иностранного
|b Электронный ресурс
|e Учебное пособие
|f С. В. Фадеев
|
| 700 |
|
1 |
|b С. В.
|a Фадеев
|4 070
|
| 330 |
|
|
|a В учебном пособии излагаются методические основы создания компьютерных программ по русскому языку как иностранному для начального и продвинутого этапов обучения, представлена подробная классификация компьютерных программ, приводятся образцы их сценариев. В отдельной главе описывается оригинальная методика использования семантики русских гласных в программах для многоцветных дисплеев. Учебное
пособие предназначено для преподавателей русского языка как иностранного, для всех, кто интересуется проблемами обучения иностранным языкам с помощью компьютера.
|
| 210 |
|
|
|a Москва
|c Ай Пи Ар Медиа
|d 2024
|
| 610 |
1 |
|
|a русский язык
|
| 610 |
1 |
|
|a РКИ
|
| 610 |
1 |
|
|a русский как иностранный
|
| 610 |
1 |
|
|a оригинальная методика
|
| 610 |
1 |
|
|a компьютерная программа
|
| 610 |
1 |
|
|a цветовая семантика
|
| 675 |
|
|
|a 80
|
| 686 |
|
|
|a 81.2
|2 rubbk
|
| 300 |
|
|
|a Книга находится в премиум-версии платформы «Русский как иностранный».
|
| 215 |
|
|
|a 84 с.
|